01167nam a2200133 4500008001100000020001500011082001600026100003100042245006800073260006400141300004000205505070300245650008500948708 SI565p a8480263083 a708bSI565p aSichel, Berta (comisaria)  aPrimera generaciónbArte e imagen en movimiento (1963 - 1986) aMadrid bMuseo Nacional Centro de Arte Reina Sofía c2006 a422 p. bil (col) c25,5 x 19,5 cm  tArtistas y obras en exposición tPrimera generación de arte. Arte e imagen en movimiento, 1963-1986 rBerta Sichel tVideoarte: la estética del narcisismo rRosalind Krauss tLas instalaciones del videoarte: el entorno televisivo rPeter Frank tEl vídeo, los mitos y el museorHarald Szeemann t¡Tiempo! ¡Tiempo! ¡Tiempo! El contexto de la inmediatez rDouglas Davis tVídeo: dejar atrás el momento utópico rMartha Rosler tLa vía europea al vídeo: una recapitulación rEugeni Bonet tEl videoarte en Brasil y otras experiencias latinoamericanas: 1970-1980 rChristine MellotSinopsis de obras monocanal tCronología tFichas técnicas y catalográficas tBiografías  xarte contemporáneoxarte - exhibiciones xarte - video xarte - instalaciones